000
00314cam a2200145ua 4500
001
4321
008
120524n II |||gr||||Z||||||eng
040
_a
MAIN
041
_a
English
082
_a
809 MAL
100
_a
MALANIYA , P.M.
245
_a
PRACTICAL CRITICISM
653
_a
CRITICISM LITERATURE
942
_c
BK
999
_c
4308
_d
4308